00690 2200253 4500001002100000005001500021035002000036007000300056008004100059020001800100082001100118084002100129084002100150084002100171100001700192245006100209250001000270260003200280300002800312600005700340990001300397990001300410990001300423INLIS00000000000930220230623022050 a0010-0623000096ta230623 g 0 ind  a9786025132117 a910.72 a910.72 RUS a C.1 a910.72 RUS a C.2 a910.72 RUS a c.30 aRusdi Muhard1 aAnalisis spasial Dengan Open Source Gis /cRusdi Muhardi acet.1 aYogyakarta :bmobius,c2018 a172 hlm :bill ;c25 cm 4aGeografi-Pendidikan dan Pengajian-Geografi-Penelitan a023.3274 a023.3273 a023.3275